000 00705nam a2200253Ia 4500
003 OSt
005 20220927105616.0
006 a|||||r|||| 00| 0
007 ta
008 220926b |||||||| |||| 00| 0 eng d
020 _a9780415553971
024 _a191906
037 _cReference Collections
040 _aRTL
_cRTL
_beng
041 _2eng
_aeng
082 _a"X.49Gg, Q1"
100 _aJHA Raghbendra
_9373648
245 0 _aRoutledge handbook of South Asian economics
260 _aAbingdon
_bRoutledge
_c2011
300 _a"xx, 327p"
_ccm.
500 _aBibliography chapterwise
942 _h"X.49Gg, Q1"
_cCC
999 _c693372
_d693372